Jeux de mots - Chaînes de mots - Paris - Statistiques

Statistiques générales
  • Ce quiz a été pris 132 fois
  • Le résultat moyen est 7 sur 15
Statistiques - réponses
HINT ANSWER % Correct
Domicile des rois de France avant de devenir le musée le plus fréquenté au monde. Louvre
83%
Sélectionna les meilleurs joueurs de football en 1986. Est à la tête de la mairie depuis 2014. Hidalgo
81%
Bébé de Gustave. Tout en fer. Eiffel
80%
On peut en faire une, nager dedans ou bien naviguer sur ce fleuve. Seine
78%
Palais proche des champs. Elysée
70%
Prénom de son locataire entre 2017 et 2027. Emmanuel
70%
Quasimodo a tenté de l'enlever. Esmeralda
60%
Est à la fois un gâteau et une place parisienne. Opéra
53%
Sous ce pont une princesse perdit la vie. Alma
49%
Monument dédié aux victoires d'un empereur. Arc de Triomphe
46%
Elle fut chantée par Joe Dassin. Est aussi un prix hippique. Amérique
21%
Au bar de ce palace, Serge Gainsbourg avait ses habitudes. Lutetia
8%
Lorsque Paris est un prénom, il peut désigner indifféremment un garçon ou bien une fille. On dit alors que c'est un prénom Épicène
5%
Ce quartier administratif abrite l'UNESCO ainsi que le ministère de la Santé. École-Militaire
4%
Ce quartier administratif abrite un célèbre et très ancien marché. Enfants-Rouges
3%
Aucun quiz correspondant
Distribution des résultats
% des personnes avec chaque résultat
Percentile par nombre de réponses
Votre historique - résultats
Vous n’avez pas pris ce quiz